| 000 | 00651nam a22002057a 4500 | ||
|---|---|---|---|
| 999 |
_c168251 _d168251 |
||
| 005 | 20190930173936.0 | ||
| 010 | _aB-730462 | ||
| 020 |
_a9789384401054 _c160.00 |
||
| 035 | _aB-730462 | ||
| 037 |
_aDPL _bPancy |
||
| 082 | _a920 | ||
| 245 |
_aNapoleon Bonaparte: biography / _bedited by Kaushal K. Goyal |
||
| 260 |
_aNew Delhi _bPigeon Books India _c2017 |
||
| 270 |
_a16, Ansari Road,Daryaganj, _bNew Delhi _e110002 |
||
| 300 |
_a162p. _b20cm.(pb) _cill. |
||
| 490 | _aPigeon Biography series | ||
| 700 | _dGoyal,Kaushal K. | ||
| 942 |
_2ddc _cCH _kNAP _h920 |
||